Sports Quiz

Random Sports or WWE Quiz
Score 0/20 Timer 06:00
0 Plays Today
Towns superstars % Correct
Westmayberry, MAJohn Cena
89.5%
Greenwich, ConnTriple H
87.4%
Sandiego, CARey Mysterio
86.3%
DeathvallyUndertaker
83.2%
Ghana, West AfricaKofi Kingston
82.1%
Chicago, ILCM Punk
78.9%
Camaron, NCJeff Hardy
77.9%
San Antonio, TXShawn Michaels
75.8%
Miami, FLThe Rock
74.7%
Washington D.CBatista
74.7%
Towns superstars % Correct
Clevened, OHThe Miz
74.7%
St. Louis, MORandy Orton
74.7%
Hollywood, FLDolph Ziggler
72.6%
Alberta, CanadaBret Hart
70.5%
Houston, TXBooker T
65.3%
Victoria, TXStone Cold
61.1%
CanadaChris Jericho
45.3%
Las Angeles, CAJohn Morrison
44.2%
Long Island, NYMick Foley
42.1%
Charoltte, NCR Truth
37.9%
Remove Ads.
Support Sporcle.
Get the best of Sporcle when you Go Orange. This ad-free experience offers more features, more stats, and more fun while also helping to support Sporcle. Thank you for becoming a member.

You're not logged in!

Compare scores with friends on all Sporcle quizzes.
OR
Log In

Show Comments

Extras

Created Jul 14, 2012ReportNominate
Tags:WWE Quiz, Comedown, Town

Top Quizzes Today


Score Distribution

Your Account Isn't Verified!

In order to create a playlist on Sporcle, you need to verify the email address you used during registration. Go to your Sporcle Settings to finish the process.

Report this User

Report this user for behavior that violates our Community Guidelines.

Details: